000 00546nam a22002177a 4500
999 _c2033
_d2033
003 OSt
005 20191209161437.0
008 150612b xxu||||| |||| 00| 0 eng d
020 _a9780826463593
020 _a0826463592
040 _c04
082 _a658.1511 LUC 2003
100 _aLucey, Terry
_95279
245 _aManagement Accounting
250 _a5th ed.
260 _aUK :
_bBook Power;
_c2003.
300 _aix, 732 p :
504 _aincludes bibliography and index.
650 _amanagement accounting
_95280
942 _2z
_cSLOAN